02215cam a2200325 a 450000100190000000500170001900800410003601000150007702000430009202000400013502000260017502000230020102000380022402000350026203500330029703500190033003500210034904000720037004100120044205000230045410000410047724500890051826000350060730000420064250400510068450502790073552008300101465000240184465000210186899110584616700619620260305145515.0101122s2011 nyua b 001 0 eng  a2010046641 a9781439170427 (hardcover : alk. paper) a1439170428 (hardcover : alk. paper) z9781439170441 (ebook) z1439170444 (ebook) a9781439170434 (pbk. : alk. paper) a1439170436 (pbk. : alk. paper) a(UTL)8293565-01utoronto_inst a(SIRSI)8293565 a(OCoLC)646113003 aDLCcDLCdYDXdBTCTAdYDXCPdUPZdORXdVP@dBWXdCDXdIHVdMLYdBDX aEnglish00aHF5386b.S546 2011 aSims, Peter - (Peter E.)q(Peter E.)10aLittle bets b: how breakthrough ideas emerge from small discoveries c/ Peter Sims. aNew York :bFree Press,c2011. avii, 213 p. :billustrations,c24 cm. aIncludes bibliographical references and index.0 aBig bets versus little bets — The growth mind-set — Failing quickly to learn fast — The genius of play — Problems are the new solutions — Questions are the new answers — Learning a little from a lot — Learning a lot from a little — Small wins — Conclusion. aHow did Pixar go from producing CAT scan images to winning Oscars? How did Steve Jobs turn Apple into a world-beating company? How does Amazon's culture encourage innovation? How can you find the creative solutions demanded by our ever-changing world? The answer, according to renowned business thought-leader Peter Sims, is LITTLE BETS. In these fast-moving times, it's next to impossible to predict what's around the corner, and harder still to formulate a foolproof plan to deal with it. Truly innovative companies, Sims argues, don't get caught up in projections and predictions. Instead, they embrace uncertainty, take a chance, fail quickly and learn fast. This method has formulated thousands of modern advances, from Google's PageRank to Starbucks coffee shops - if you harness its power, what could you achieve? 0aSuccess in business 0aCreative ability